| Поле | Название | Значение |
| |
Тип записи |
a |
| |
Библиографический уровень |
m |
| 001 |
Контрольный номер |
0dbaff9b6f8f43c0931ba400cdddbfc3 |
| 005 |
Дата корректировки |
20201206220040.5 |
| 010 |
Индекс ISBN |
__ |
| a |
ISBN |
978-5-9268-2701-6 (в пер.) |
| d |
Цена |
1244-33, 4500 экз. |
| 100 |
Данные общей обработки |
__ |
| a |
Данные общей обработки |
19190121d2018||||||| 0rusy0189 ca |
| 101 |
Язык документа |
0_ |
| a |
Язык текста |
rus |
| 102 |
Страна публикации |
__ |
| a |
Страна публикации |
ru |
| 102 |
Страна публикации |
__ |
| a |
Страна публикации |
RU |
| 105 |
Кодированные данные (монография) |
__ |
| a |
Кодированные данные (монография) |
a||||||||||zy |
| 200 |
Заглавие и сведения об ответственности |
1_ |
| a |
Заглавие |
Петр Первый |
| e |
Сведения, относящиеся к заглавию |
роман |
| f |
Первые сведения об ответственности |
А. Н. Толстой ; художник Д. А. Шмаринов |
| b |
Общее обозначение материала |
Текст |
| 210 |
Выходные данные |
__ |
| a |
Место издания |
Москва |
| a |
Место издания |
Санкт-Петербург |
| c |
Издательство |
Речь |
| d |
Дата издания |
2018 |
| 215 |
Физическое описание |
__ |
| a |
Объем |
284, [3] с. |
| c |
Иллюстрации/тип воспроизводства |
ил. |
| d |
Формат |
27 см |
| 225 |
Серия |
__ |
| a |
Серия |
Классика Речи |
| 330 |
Аннотация |
__ |
| a |
Аннотация |
Для романа о Петре Первом А. Н. Толстой долго искал подход. Как передать колорит эпохи? Каким языком должны разговаривать персонажи? Кропотливый труд, интерес к быту, фольклору, чтение свидетельств современников и изучение изобразительного искусства Петровского времени - все это помогло писателю найти свой язык и создать художественное произведение с опорой на исторический материал. Тщательная стилизация речи героев строится на художественном осмыслении подлинных исторических документов. Вымышленные персонажи сосуществуют наравне с историческими лицами, но каждый вымышленный персонаж - это собирательный образ русского человека Петровской эпохи. Грандиозная работа над романом длилась 14 лет и оборвалась со смертью писателя. В книгу включены рисунки мастера реалистической иллюстрации Дементия Алексеевича Шмаринова. С ними роман обретает дополнительную глубину и достоверность. |
| 333 |
Примечание о целевом назначении |
__ |
| a |
Примечание о целевом назначении |
12+. Для детей старше 12 лет |
| 461 |
Уровень набора |
__ |
| 1 |
|
700 |
| a |
|
Толстой |
| b |
|
А. Н. |
| 1 |
|
200 |
| a |
|
Петр Первый |
| v |
|
[Том 2, книга 2-3] |
| 1 |
|
210 |
| a |
|
Москва ; Санкт-Петербург |
| c |
|
Речь |
| d |
|
2018 |
| 1 |
|
225 |
| 1 |
|
010 |
| 600 |
Персоналии |
__ |
| a |
Персоналии (Фамилия) |
Петр |
| c |
Дополнение к имени |
император российский |
| f |
Даты |
1672-1725 |
| 606 |
Тематические рубрики |
__ |
| a |
Основная рубрика |
Художественная литература |
| 606 |
Тематические рубрики |
__ |
| a |
Основная рубрика |
Русская литература XX в. (произведения) |
| 610 |
Ключевые слова |
__ |
| a |
Ключевые слова |
биографические романы |
| 610 |
Ключевые слова |
__ |
| a |
Ключевые слова |
императоры |
| 610 |
Ключевые слова |
__ |
| a |
Ключевые слова |
исторические деятели |
| 610 |
Ключевые слова |
__ |
| a |
Ключевые слова |
исторические романы |
| 610 |
Ключевые слова |
__ |
| a |
Ключевые слова |
персоналии |
| 610 |
Ключевые слова |
__ |
| a |
Ключевые слова |
проза |
| 610 |
Ключевые слова |
__ |
| a |
Ключевые слова |
романы |
| 610 |
Ключевые слова |
__ |
| a |
Ключевые слова |
тема истории |
| 610 |
Ключевые слова |
__ |
| a |
Ключевые слова |
тема России |
| 610 |
Ключевые слова |
__ |
| a |
Ключевые слова |
тема царей |
| 610 |
Ключевые слова |
__ |
| a |
Ключевые слова |
цари |
| 686 |
Индексы других классификаций |
__ |
| 2 |
Код системы |
rubbks |
| a |
Классификационный индекс |
84(2=411.2)6-4; ст84(2=411.2)6-4 |
| 700 |
Автор |
_1 |
| a |
Фамилия |
Толстой |
| b |
Имя |
А. Н. |
| f |
Даты |
1883-1945 |
| g |
Полное личное имя |
Алексей Николаевич |
| 4 |
Код отношения |
070 |
| 702 |
Вторичная интеллектуальная ответственность |
_1 |
| a |
Фамилия |
Шмаринов |
| b |
Имя |
Д. А. |
| 4 |
Код отношения |
Художник |
| f |
Даты |
1907-1999 |
| g |
Полное личное имя |
Дементий Алексеевич |
| 4 |
Код отношения |
040 |
| 801 |
Источник записи |
_0 |
| a |
Страна |
ru |
| b |
Организация |
Муниципальное бюджетное учреждение культуры "Централизованная библиотечная система" г. Сургут (Центральная городская библиотека им. А. С. Пушкина) |
| c |
Дата составления |
20190121 |
| g |
Правила каталогизации |
PSBO |
| 801 |
Источник записи |
_1 |
| a |
Страна |
ru |
| b |
Организация |
Муниципальное бюджетное учреждение культуры "Централизованная библиотечная система" г. Сургут (Центральная городская библиотека им. А. С. Пушкина) |
| c |
Дата составления |
20190121 |
| g |
Правила каталогизации |
PSBO |
| 852 |
Данные о местонахождении |
__ |
| j |
Шифр хранения |
84(2=411.2)6-4 |
| i |
Авторский знак |
Т 52 |
| 901 |
Тип документа |
__ |
| t |
Тип документа |
n |
| a |
Ответственный |
КиК/Мамарузиева |
| w |
Контрольный № источника |
70cd3b31b23647dfaad8919a07ddd57e |
| 903 |
Характеристики (МАРС) |
__ |
| a |
Дата передачи |
20190121 |
| 990 |
Данные о заказе (DOS) |
__ |
| j |
Количество экземпляров (DOS) |
4 |
| t |
N записи в КСУ для И/У (DOS) |
201901 |